[Event "Czechia KP-chTB 0607"]
[Site "Czech Republic"]
[Date "2006.12.10"]
[Round "4.3"]
[White "Postupa, Martin"]
[Black "Dolezal, Jan"]
[Result "1-0"]
[WhiteElo "1941"]
[BlackElo "1965"]
[PlyCount "107"]
[EventDate "2006.10.29"]
[EventType "team"]
[EventRounds "11"]
[EventCountry "CZE"]
[SourceTitle "EXT 2008"]
[Source "ChessBase"]
[SourceDate "2007.11.25"]
[SourceVersion "1"]
[SourceVersionDate "2007.11.25"]
[SourceQuality "1"]
[WhiteTeam "Lysa nad Labem"]
[BlackTeam "Podebrady"]
[WhiteTeamCountry "CZE"]
[BlackTeamCountry "CZE"]

1. e4 Nf6 2. d3 c5 3. Be3 d6 4. Nc3 Nc6 5. g3 g6 6. Bg2 Bg7 7. h3 Nd4 8. Qd2 Rb8 9. Nd1 Bd7 10. c3 Nc6 11. f4 e6 12. Nf3 b6 13. 0-0 d5 14. e5 Ng8 15. d4 c4 16. g4 Nge7 17. Bf2 f5 18. Bh4 0-0 19. Ne3 Qc8 20. Nh2 Kh8 21. Qf2 Qe8 22. Bg5 Qf7 23. Qh4 Kg8 24. Nf3 a6 25. Bh6 Bxh6 26. Qxh6 Qg7 27. Qh4 Rb7 28. gxf5 Nxf5 29. Nxf5 Rxf5 30. Nh2 h5 31. Rf3 Rb8 32. Nf1 Qe7 33. Qg3 Kh7 34. Ne3 Rf7 35. h4 Rbf8 36. Kh2 Qd8 37. Rg1 Rg7 38. Rf2 Rfg8 39. Bf3 Ne7 40. Rfg2 Qf8 41. Qg5 Qf7 42. Bd1 Rf8 43. Rf2 Be8 44. Bc2 Kg8 45. Qh6 Rh7 46. Qg5 Rg7 47. Bd1 Kh7 48. Rg3 Rfg8 49. Rfg2 Nf5 50. Nxf5 gxf5 51. Qd8 Rxg3 52. Rxg3 Rxg3 53. Kxg3 Qg6+ 54. Kh2 1-0

[Event "Czechia KP-chTB 0607"]
[Site "Czech Republic"]
[Date "2006.11.12"]
[Round "2.3"]
[White "Dolezal, Jan"]
[Black "Blazek, Ladislav"]
[Result "1/2-1/2"]
[WhiteElo "1965"]
[BlackElo "1719"]
[PlyCount "40"]
[EventDate "2006.10.29"]
[EventType "team"]
[EventRounds "11"]
[EventCountry "CZE"]
[SourceTitle "EXT 2008"]
[Source "ChessBase"]
[SourceDate "2007.11.25"]
[SourceVersion "1"]
[SourceVersionDate "2007.11.25"]
[SourceQuality "1"]
[WhiteTeam "Podebrady"]
[BlackTeam "Benesov"]
[WhiteTeamCountry "CZE"]
[BlackTeamCountry "CZE"]

1. Nf3 d5 2. c4 c6 3. b3 Bf5 4. g3 e6 5. Bg2 Be7 6. Bb2 Bf6 7. d4 Ne7 8. 0-0 0-0 9. Ne5 Nd7 10. Nd2 Qc7 11. Nxd7 Qxd7 12. e4 dxe4 13. Nxe4 Bxe4 14. Bxe4 Rad8 15. Qc2 g6 16. Rad1 Qc7 17. Rd2 Rd7 18. Rfd1 Rfd8 19. Bc3 Qb6 20. Qb2 Bg7 1/2-1/2